000 01782nam a2200229Ia 4500
000 02236naaa 00277uu
001 https://directory.doabooks.org/handle/20.500.12854/64172
008 211013s9999 xx 000 0 und d
024 _ahttps://doi.org/10.2867/073860
042 _adc
100 1 _ade Grey, Spencer
245 0 _aCommon Ground (Volume 10)
260 _bEuropean Investment Bank
_c2019
520 _aBy 2050, three-quarters of the world's 9.6-billion-strong population will be living in cities - inhabiting vibrant historic cores, commuting from new hinterlands via high-speed transit, or occupying informal urban settlements. Some cities will flourish while others will struggle to meet the demands of a growing population and a changing environment. It will take the collaborative expertise of various disciplines, gathered under the umbrella of good governance, to ensure our cities thrive in the future. Spencer de Grey, Head of Design at Foster + Partners, explores the role that architecture and urban design can play in this global endeavour. This is the tenth essay in the Big Ideas series created by the European Investment Bank. The EIB has invited international thought leaders to write about the most important issues of the day. These essays are a reminder that we need new thinking to protect the environment, promote equality and improve people's lives around the globe.
540 _aCreative Commons
653 _aBusiness & Economics
700 1 _aEuropean Investment Bank
700 1 _aEuropean Investment Bank
856 _uhttps://docs.google.com/spreadsheets/d/1yKIrdCPDAG_9c22mwoOIO2DOhtj65Wqa/edit?usp=sharing&ouid=106555315294820607512&rtpof=true&sd=true
_yList of Curated E-Books
942 _cE-BOOK
999 _c89717
_d89714